000 00927na a2200301 4500
001 22533
003 MIRAKIL
005 20181213155204.0
008 170216b tu 000 0
035 _a16938
040 _aMilas
_btur
_cTR-AnCHP
041 _atur
082 _aCHP 347
_bM35 [t.y.]
090 _aCHP 347 M35 [t.y.]
091 _aHUKUK 3
245 _aMemurlar ve diğer kamu görevlilerinin yargılanması hakkında 4483 sayılı kanunun uygulanması
_c[derleyen] CHP
260 _a[Ankara]
_b[CHP]
_c[t.y.]
300 _a12 s.
_c19 sm.
490 _aCHP yayınları
504 _aKaynakça var.
610 _aCHP
_xKamu görevlileri
_yHukuk ve mevzuat
650 _aYargılama
_xDevlet memurları
_zTürkiye
650 _aKamu görevlileri
_xHukuk ve mevzuat
_yYargılama
650 _aPersonel kanunu
_xKamu görevlileri
_yUygulamalar
710 _aCHP
942 _2ddc
_cBKS
999 _c8241
_d8241